[Event "Manizales op 28th"]
[Site "Manizales"]
[Date "2023.01.09"]
[Round "8"]
[White "Zapata Cuartas, Juan Carlos"]
[Black "Montoya, Duvan"]
[Result "1-0"]
[WhiteElo "1975"]
[BlackElo "1755"]
[PlyCount "57"]
[EventDate "2023.01.05"]
[EventType "swiss"]
[EventRounds "8"]
[EventCountry "COL"]
[SourceTitle "CBM 212 Extra"]
[Source "ChessBase"]
[SourceDate "2023.03.31"]
[SourceVersion "1"]
[SourceVersionDate "2023.03.31"]
[SourceQuality "1"]

1. d4 Nf6 2. c4 g6 3. Nc3 d5 4. cxd5 Nxd5 5. Bd2 Bg7 6. e4 Nb6 7. Be3 0-0 8. h3 e5 9. Nf3 exd4 10. Nxd4 Re8 11. Bb5 c6 12. Be2 Bxd4 13. Bxd4 Qg5 14. h4 Qe7 15. Qd2 c5 16. Be3 Rd8 17. Bxc5 Rxd2 18. Bxe7 Rxb2 19. 0-0-0 Na4 20. Rd8+ Kg7 21. Bf8+ Kf6 22. Nd5+ Ke6 23. Rd6+ Ke5 24. f4+ Kxe4 25. Bf3+ Kd3 26. Rd1+ Kc4 27. Ne3+ Kc5 28. R1d5+ Kb4 29. Rb6+ 1-0

[Event "Manizales op 28th"]
[Site "Manizales"]
[Date "2023.01.08"]
[Round "7"]
[White "Calle, Edwin Fernando"]
[Black "Zapata Cuartas, Juan Carlos"]
[Result "1/2-1/2"]
[WhiteElo "1890"]
[BlackElo "1975"]
[PlyCount "35"]
[EventDate "2023.01.05"]
[EventType "swiss"]
[EventRounds "8"]
[EventCountry "COL"]
[SourceTitle "CBM 212 Extra"]
[Source "ChessBase"]
[SourceDate "2023.03.31"]
[SourceVersion "1"]
[SourceVersionDate "2023.03.31"]
[SourceQuality "1"]

1. e4 c5 2. Nf3 d6 3. c3 Nf6 4. Bb5+ Nbd7 5. e5 dxe5 6. Nxe5 a6 7. Qb3 e6 8. Nxd7 Nxd7 9. Be2 Be7 10. 0-0 0-0 11. d4 cxd4 12. cxd4 Qb6 13. Qxb6 Nxb6 14. Nc3 Bf6 15. Be3 Rd8 16. Rfd1 Nd5 17. Nxd5 exd5 18. Rac1 1/2-1/2

[Event "Manizales op 28th"]
[Site "Manizales"]
[Date "2023.01.07"]
[Round "4"]
[White "Vargas, Eduar Misael"]
[Black "Zapata Cuartas, Juan Carlos"]
[Result "0-1"]
[WhiteElo "1817"]
[BlackElo "1975"]
[PlyCount "88"]
[EventDate "2023.01.05"]
[EventType "swiss"]
[EventRounds "8"]
[EventCountry "COL"]
[SourceTitle "CBM 212 Extra"]
[Source "ChessBase"]
[SourceDate "2023.03.31"]
[SourceVersion "1"]
[SourceVersionDate "2023.03.31"]
[SourceQuality "1"]

1. d4 Nf6 2. c4 c5 3. Nf3 cxd4 4. Nxd4 e6 5. Nc3 Bb4 6. Qc2 Nc6 7. Nxc6 dxc6 8. a3 Be7 9. e4 e5 10. Be2 0-0 11. 0-0 Be6 12. b3 Qc7 13. Bb2 Rfd8 14. Rad1 Rd4 15. f3 Rad8 16. Na4 Rxd1 17. Rxd1 Rxd1+ 18. Qxd1 h5 19. Qd3 a6 20. c5 Qa5 21. Bc3 Qb5 22. Bb4 Qxd3 23. Bxd3 Bxb3 24. Nb6 a5 25. Bxa5 Bxc5+ 26. Kf1 Bxa3 27. Nc4 Bxc4 28. Bxc4 Kf8 29. Ke2 Ke7 30. Bc3 Nd7 31. f4 f6 32. fxe5 fxe5 33. Ke3 b5 34. Be2 b4 35. Be1 g6 36. g4 b3 37. gxh5 gxh5 38. Bh4+ Kd6 39. Kd2 Nc5 40. Bf3 Na4 41. Bd1 Bb4+ 42. Kd3 Nb2+ 43. Ke2 Nxd1 44. Kxd1 c5 0-1

[Event "Manizales op 28th"]
[Site "Manizales"]
[Date "2023.01.06"]
[Round "2"]
[White "Jaramillo, Carlos Orlando"]
[Black "Zapata Cuartas, Juan Carlos"]
[Result "0-1"]
[WhiteElo "1770"]
[BlackElo "1975"]
[PlyCount "94"]
[EventDate "2023.01.05"]
[EventType "swiss"]
[EventRounds "8"]
[EventCountry "COL"]
[SourceTitle "CBM 212 Extra"]
[Source "ChessBase"]
[SourceDate "2023.03.31"]
[SourceVersion "1"]
[SourceVersionDate "2023.03.31"]
[SourceQuality "1"]

1. e3 d5 2. f4 c5 3. Nf3 Nc6 4. Bb5 Bd7 5. 0-0 Nf6 6. b3 e6 7. Bb2 Bd6 8. Bxc6 Bxc6 9. Ne5 Qc7 10. d3 0-0-0 11. a4 Be8 12. Na3 a6 13. Qe1 Rg8 14. Kh1 Nd7 15. d4 f6 16. Nxd7 Qxd7 17. c4 cxd4 18. exd4 Bg6 19. Qe2 Be4 20. c5 Bc7 21. Rac1 Qc6 22. Nb5 axb5 23. axb5 Qe8 24. b6 g5 25. bxc7 Kxc7 26. f5 exf5 27. c6 bxc6 28. Qb5 Rc8 29. Ba3 Kd7 30. Qc5 Qe6 31. b4 Bxg2+ 32. Kxg2 Qe4+ 33. Kf2 Qf4+ 34. Kg2 Qe4+ 35. Kf2 Qh4+ 36. Kg1 Qg4+ 37. Kf2 Rge8 38. Rfe1 Qh4+ 39. Kf1 Qh3+ 40. Kg1 Qxa3 41. Rxe8 Kxe8 42. Re1+ Kf7 43. Qe7+ Kg6 44. Qe6 Qxb4 45. Rf1 Qxd4+ 46. Rf2 Qg4+ 47. Kf1 Rb8 0-1

[Event "Sabaneta op-A 1st"]
[Site "Sabaneta"]
[Date "2022.11.30"]
[Round "8"]
[White "Zapata Cuartas, Juan Carlos"]
[Black "Chirivi Castiblanco, Jenny Astrid"]
[Result "0-1"]
[WhiteElo "1985"]
[BlackElo "2132"]
[PlyCount "60"]
[EventDate "2022.11.25"]
[EventType "swiss"]
[EventRounds "10"]
[EventCountry "COL"]
[SourceTitle "CBM 211 Extra"]
[Source "ChessBase"]
[SourceDate "2023.01.31"]
[SourceVersion "1"]
[SourceVersionDate "2023.01.31"]
[SourceQuality "1"]

1. d4 Nf6 2. c4 e6 3. Nf3 Bb4+ 4. Bd2 Qe7 5. g3 Nc6 6. Bg2 Bxd2+ 7. Nbxd2 d6 8. 0-0 a5 9. e4 e5 10. d5 Nb8 11. h3 0-0 12. Ne1 Nbd7 13. Nd3 Nc5 14. Nxc5 dxc5 15. f4 Ne8 16. Qc2 Ra6 17. Nf3 exf4 18. gxf4 Rh6 19. Kh2 Nf6 20. Rae1 Nh5 21. Qd2 Rf6 22. Ng5 h6 23. h4 hxg5 24. hxg5 Rb6 25. Rh1 g6 26. Bf3 f6 27. Bxh5 gxh5 28. gxf6 Qxf6 29. e5 Qh4+ 30. Kg1 Rg6+ 0-1

[Event "Sabaneta op-A 1st"]
[Site "Sabaneta"]
[Date "2022.11.29"]
[Round "7"]
[White "Toro Castaneda, Elizabeth"]
[Black "Zapata Cuartas, Juan Carlos"]
[Result "0-1"]
[WhiteElo "2001"]
[BlackElo "1985"]
[PlyCount "80"]
[EventDate "2022.11.25"]
[EventType "swiss"]
[EventRounds "10"]
[EventCountry "COL"]
[SourceTitle "CBM 211 Extra"]
[Source "ChessBase"]
[SourceDate "2023.01.31"]
[SourceVersion "1"]
[SourceVersionDate "2023.01.31"]
[SourceQuality "1"]

1. e4 c5 2. Nf3 d6 3. d4 cxd4 4. Nxd4 Nf6 5. Nc3 a6 6. Be3 e5 7. Nb3 Be7 8. Qd2 h5 9. 0-0-0 Be6 10. f4 Ng4 11. Kb1 Nxe3 12. Qxe3 exf4 13. Qxf4 Nd7 14. Nd4 Ne5 15. Qg3 h4 16. Qxg7 Bxa2+ 17. Nxa2 Bf6 18. Ne6 fxe6 19. Qxb7 Rb8 20. Qxa6 Rxb2+ 21. Kxb2 Nd3+ 22. Ka3 Bb2+ 23. Kb3 Nc5+ 24. Kxb2 Nxa6 25. Bxa6 Qb6+ 26. Ka1 Qxa6 27. Rd3 0-0 28. Rb1 Rf2 29. Rc3 Rf1 30. Rh3 Rxb1+ 31. Kxb1 Qb6+ 32. Kc1 Qf2 33. Kb2 Qd4+ 34. Nc3 Qb4+ 35. Kc1 Kg7 36. Rf3 Qd4 37. Kb2 Kg6 38. Rd3 Qb6+ 39. Ka3 Qf2 40. Rxd6 Qc5+ 0-1

[Event "Sabaneta op-A 1st"]
[Site "Sabaneta"]
[Date "2022.11.27"]
[Round "4"]
[White "Pazos Gambarrotti, Plinio Efrain"]
[Black "Zapata Cuartas, Juan Carlos"]
[Result "1/2-1/2"]
[WhiteElo "2083"]
[BlackElo "1985"]
[PlyCount "84"]
[EventDate "2022.11.25"]
[EventType "swiss"]
[EventRounds "10"]
[EventCountry "COL"]
[SourceTitle "CBM 211 Extra"]
[Source "ChessBase"]
[SourceDate "2023.01.31"]
[SourceVersion "1"]
[SourceVersionDate "2023.01.31"]
[SourceQuality "1"]

1. d4 Nf6 2. c4 e6 3. Nf3 b6 4. a3 Bb7 5. Nc3 Be7 6. d5 0-0 7. e4 d6 8. Bd3 e5 9. 0-0 Nbd7 10. Ne1 Nc5 11. Bc2 a5 12. Rb1 Ne8 13. f4 exf4 14. Bxf4 Bf6 15. Qd2 a4 16. Nf3 Ba6 17. Bd3 Qe7 18. Rbe1 Be5 19. Be3 Nf6 20. Nxe5 dxe5 21. Bg5 Nxd3 22. Bxf6 gxf6 23. Qxd3 Kh8 24. Qf3 Bxc4 25. Rf2 b5 26. Re3 b4 27. Nd1 Ra6 28. axb4 Bb3 29. b5 Bxd1 30. Qxd1 Ra5 31. Ref3 Rxb5 32. Qxa4 Rb6 33. Rc3 Rfb8 34. Rfc2 R8b7 35. Qa3 Qd8 36. Rxc7 Rxc7 37. Rxc7 Rxb2 38. Qe7 Qxe7 39. Rxe7 Kg7 40. Kf1 Rd2 41. d6 Rxd6 42. Ke2 Rd4 1/2-1/2

[Event "Sabaneta op-A 1st"]
[Site "Sabaneta"]
[Date "2022.11.25"]
[Round "1"]
[White "Zapata Cuartas, Juan Carlos"]
[Black "Del Rey, Diego"]
[Result "0-1"]
[WhiteElo "1985"]
[BlackElo "2341"]
[PlyCount "62"]
[EventDate "2022.11.25"]
[EventType "swiss"]
[EventRounds "10"]
[EventCountry "COL"]
[SourceTitle "CBM 211 Extra"]
[Source "ChessBase"]
[SourceDate "2023.01.31"]
[SourceVersion "1"]
[SourceVersionDate "2023.01.31"]
[SourceQuality "1"]

1. d4 d6 2. c4 e5 3. Nf3 e4 4. Ng5 f5 5. g3 Be7 6. Nh3 Nf6 7. Bg2 c5 8. e3 Nc6 9. b3 0-0 10. 0-0 d5 11. Bb2 cxd4 12. exd4 Nb4 13. f3 Nd3 14. Bc3 Kh8 15. fxe4 dxe4 16. Nf2 Nxf2 17. Rxf2 b5 18. Nd2 Rb8 19. Nf1 Ng4 20. Rc2 bxc4 21. bxc4 Ba6 22. Bxe4 fxe4 23. Qxg4 Bxc4 24. Qxe4 Bd5 25. Qe2 Bg5 26. Re1 Qd7 27. Ne3 Rbe8 28. Nxd5 Rxe2 29. Rexe2 Qxd5 30. Re5 Qd8 31. Ree2 Qd7 0-1

[Event "Medellin Raza Cup"]
[Site "Medellin"]
[Date "2022.10.23"]
[Round "9"]
[White "Zapata Cuartas, Juan Carlos"]
[Black "Chirivi Castiblanco, Jenny Astrid"]
[Result "0-1"]
[WhiteElo "1994"]
[BlackElo "2107"]
[PlyCount "46"]
[EventDate "2022.10.19"]
[EventType "swiss"]
[EventRounds "10"]
[EventCountry "COL"]
[SourceTitle "EXT 2024"]
[Source "ChessBase"]
[SourceDate "2023.10.10"]
[SourceVersion "1"]
[SourceVersionDate "2023.10.10"]
[SourceQuality "1"]

1. Nf3 Nf6 2. c4 e6 3. g3 c5 4. Bg2 Be7 5. 0-0 0-0 6. Nc3 a6 7. e4 d6 8. d4 cxd4 9. Nxd4 Qc7 10. b3 Nbd7 11. Bb2 Rb8 12. Rc1 g6 13. Rc2 Re8 14. Kh1 Bf8 15. f4 e5 16. Nde2 Bg7 17. Rd2 b5 18. Rxd6 b4 19. fxe5 bxc3 20. exf6 cxb2 21. fxg7 b1Q 22. Rxd7 Qxd1 23. Rdxd1 Bg4 0-1

[Event "Medellin Raza Cup"]
[Site "Medellin"]
[Date "2022.10.19"]
[Round "2"]
[White "Zapata Cuartas, Juan Carlos"]
[Black "Luna Monsalve, Sofia"]
[Result "1-0"]
[WhiteElo "1994"]
[BlackElo "1415"]
[PlyCount "67"]
[EventDate "2022.10.19"]
[EventType "swiss"]
[EventRounds "10"]
[EventCountry "COL"]
[SourceTitle "EXT 2024"]
[Source "ChessBase"]
[SourceDate "2023.10.10"]
[SourceVersion "1"]
[SourceVersionDate "2023.10.10"]
[SourceQuality "1"]

1. d4 d5 2. c4 e6 3. Nc3 Nf6 4. Bg5 Be7 5. Nf3 b6 6. e3 Bb7 7. Qc2 c5 8. cxd5 exd5 9. Bb5+ Nbd7 10. Ne5 0-0 11. Bc6 Rb8 12. Bxb7 Rxb7 13. Nc6 Qe8 14. Nxe7+ Qxe7 15. Nxd5 Qe6 16. Nxf6+ Nxf6 17. 0-0 Rc8 18. Bxf6 Qxf6 19. d5 Re7 20. Rad1 Qe5 21. Rfe1 f5 22. f3 Rce8 23. e4 Qf4 24. d6 Rd7 25. Qc4+ Kh8 26. Qd5 fxe4 27. Rxe4 Qf8 28. Rxe8 Qxe8 29. Kf2 h6 30. Re1 Qg6 31. Re6 Qg5 32. Re8+ Kh7 33. Qg8+ Kg6 34. Qe6+ 1-0

[Event "COL-ch"]
[Site "Boyaca"]
[Date "2022.08.21"]
[Round "9"]
[White "Zapata Cuartas, Juan Carlos"]
[Black "Lopez Rayo, Santiago"]
[Result "0-1"]
[WhiteElo "1967"]
[BlackElo "2224"]
[PlyCount "70"]
[EventDate "2022.08.17"]
[EventType "swiss"]
[EventRounds "9"]
[EventCountry "COL"]
[SourceTitle "CBM 210 Extra"]
[Source "ChessBase"]
[SourceDate "2022.11.30"]
[SourceVersion "1"]
[SourceVersionDate "2022.11.30"]
[SourceQuality "1"]

1. d4 Nf6 2. c4 g6 3. Nc3 Bg7 4. e4 d6 5. Nf3 0-0 6. Be2 e5 7. 0-0 Nc6 8. d5 Ne7 9. Ne1 Ne8 10. Nd3 f5 11. f3 f4 12. Bd2 g5 13. a4 Ng6 14. c5 h5 15. c6 bxc6 16. dxc6 Nf6 17. Nf2 Ne7 18. Nd5 Be6 19. Nxf6+ Rxf6 20. Qc2 Kh8 21. Rad1 Rg6 22. g4 fxg3 23. hxg3 Qe8 24. Rc1 Qf7 25. Kg2 Rf8 26. Nh3 Bh6 27. g4 Rg7 28. Bc4 d5 29. exd5 Bxd5 30. Bxd5 Qxd5 31. Kg3 Rgf7 32. Qc3 hxg4 33. Kxg4 Qe6+ 34. Kg3 Nf5+ 35. Kh2 Nd4 0-1

[Event "Medellin Feria de las Flores op"]
[Site "Medellin"]
[Date "2022.08.06"]
[Round "6"]
[White "Zapata Cuartas, Juan Carlos"]
[Black "Panesso Rivera, Henry"]
[Result "0-1"]
[WhiteElo "1967"]
[BlackElo "2367"]
[PlyCount "66"]
[EventDate "2022.08.03"]
[EventType "swiss"]
[EventRounds "9"]
[EventCountry "COL"]
[SourceTitle "CBM 209 Extra"]
[Source "ChessBase"]
[SourceDate "2022.09.30"]
[SourceVersion "1"]
[SourceVersionDate "2022.09.30"]
[SourceQuality "1"]

1. d4 f5 2. g3 Nf6 3. Bg2 e6 4. Nf3 d5 5. 0-0 Bd6 6. c4 c6 7. b3 Qe7 8. Bb2 b6 9. Nbd2 Bb7 10. Ne5 0-0 11. Rc1 a5 12. Ndf3 Na6 13. cxd5 cxd5 14. Nc6 Bxc6 15. Rxc6 Nb4 16. Rxb6 Qc7 17. Rb5 Nxa2 18. Qa1 Qc6 19. Rc5 Bxc5 20. dxc5 Nb4 21. Rc1 Qe8 22. Nd4 Nc6 23. Nb5 Qd7 24. Nd6 Ne8 25. Qa4 Nxd6 26. cxd6 Rfc8 27. Ba3 Ne5 28. Qd4 Nf7 29. Rc5 Rxc5 30. Qxc5 a4 31. g4 f4 32. e4 fxe3 33. fxe3 axb3 0-1